Prišli neočakávane. A zmenili históriu

Produkty, pri ktorých bolo od prvej chvíle jasné, že zmenia svet. Náhodné objavy: umelá hmota, mikrovlnná rúra, coca-cola, pušný prach, kardiostimulátor, penicilín, nehrdzavejúca oceľ, zips. História vzniku týchto produktov.

Gespeichert in:
Bibliographische Detailangaben
1. Verfasser: Mravčák, Alexander
Format: Buchkapitel
Sprache:Slowakisch
Schlagworte:
Tags: Tag hinzufügen
Keine Tags, Fügen Sie das erste Tag hinzu!

MARC

LEADER 00000naa a2200000 4500
001 0168354
005 20231113074731.6
041 0 |a slo 
044 |a SK 
245 1 0 |a Prišli neočakávane. A zmenili históriu  |c Alexander Mravčák 
520 |a Produkty, pri ktorých bolo od prvej chvíle jasné, že zmenia svet. Náhodné objavy: umelá hmota, mikrovlnná rúra, coca-cola, pušný prach, kardiostimulátor, penicilín, nehrdzavejúca oceľ, zips. História vzniku týchto produktov. 
610 2 0 |a produkty 
610 2 0 |a vynálezy 
610 2 0 |a inovácia 
100 1 |a Mravčák, Alexander